Природные ресурсы Тайланда и их рациональное использование; Научная инициатива иностранных студентов и аспирантов российских вузов; Т. 2

Bibliographische Detailangaben
Parent link:Научная инициатива иностранных студентов и аспирантов российских вузов: сборник докладов VII Всероссийской научно-практической конференции, Томск, 23-25 апреля 2014 г./ Ассоциация иностранных студентов в России (АИС); Национальный исследовательский Томский политехнический университет (ТПУ), Институт международного образования и языковой коммуникации (ИМОЯК).— , 2014
Т. 2.— 2014.— [С. 279-282]
1. Verfasser: Пудпади Киттия
Körperschaft: Национальный исследовательский Томский политехнический университет (ТПУ) Институт неразрушающего контроля (ИНК) Кафедра экологии и безопасности жизнедеятельности (ЭБЖ)
Weitere Verfasser: Крепша Н. В. Нина Владимировна (научный руководитель)
Zusammenfassung:Заглавие с титульного экрана
Sprache:Russisch
Veröffentlicht: 2014
Schlagworte:
Online-Zugang:http://www.lib.tpu.ru/fulltext/c/2014/C19/V2/055.pdf
Format: Elektronisch Buchkapitel
KOHA link:https://koha.lib.tpu.ru/cgi-bin/koha/opac-detail.pl?biblionumber=611480

MARC

LEADER 00000naa2a2200000 4500
001 611480
005 20231101132647.0
035 |a (RuTPU)RU\TPU\conf\9275 
035 |a RU\TPU\conf\9271 
090 |a 611480 
100 |a 20150325d2014 k y0rusy50 ca 
101 0 |a rus 
102 |a RU 
105 |a y z 101zy 
135 |a drcn ---uucaa 
181 0 |a i  
182 0 |a b 
200 1 |a Природные ресурсы Тайланда и их рациональное использование  |f Пудпади Киттия  |g науч. рук. Н. В. Крепша 
203 |a Текст  |c электронный 
230 |a 1 компьютерный файл (pdf; 478 Кb) 
300 |a Заглавие с титульного экрана 
320 |a [Библиогр.: с. 282 (5 назв.)] 
337 |a Adobe Reader 
461 1 |0 (RuTPU)RU\TPU\conf\8104  |t Научная инициатива иностранных студентов и аспирантов российских вузов  |o сборник докладов VII Всероссийской научно-практической конференции, Томск, 23-25 апреля 2014 г.  |f Ассоциация иностранных студентов в России (АИС); Национальный исследовательский Томский политехнический университет (ТПУ), Институт международного образования и языковой коммуникации (ИМОЯК)  |o в 3 т.  |d 2014 
463 1 |0 (RuTPU)RU\TPU\conf\8106  |t Т. 2  |v [С. 279-282]  |d 2014 
610 1 |a труды учёных ТПУ 
610 1 |a электронный ресурс 
610 1 |a природные ресурсы 
610 1 |a Тайланд 
610 1 |a рациональное использование 
610 1 |a природные ресурсы 
610 1 |a природопользование 
700 0 |a Пудпади Киттия 
702 1 |a Крепша  |b Н. В.  |c специалист в области экологии и безопасности жизнедеятельности  |c доцент Томского политехнического университета, кандидат геолого-минералогических наук  |f 1947-  |g Нина Владимировна  |2 stltpush  |4 727 
712 0 2 |a Национальный исследовательский Томский политехнический университет (ТПУ)  |b Институт неразрушающего контроля (ИНК)  |b Кафедра экологии и безопасности жизнедеятельности (ЭБЖ)  |h 4850  |2 stltpush  |3 (RuTPU)RU\TPU\col\18720 
801 2 |a RU  |b 63413507  |c 20150325  |g RCR 
856 4 |u http://www.lib.tpu.ru/fulltext/c/2014/C19/V2/055.pdf 
942 |c BK